Zoologia (Record no. 61439)

MARC details
000 -LÍDER
campo de controle de tamanho fixo 00298 a2200157 4500
001 - NÚMERO DE CONTROLE
campo de controle 61439
020 ## - ISBN - INTERNATIONAL STANDARD BOOK NUMBER
ISBN - International Standard Book Number
040 ## - FONTE DA CATALOGAÇÃO
Instituição que transcreveu o registro Anchieta - Pituba
100 ## - ENTRADA PRINCIPAL--NOME PESSOAL
Nome pessoal Silvernale, Max N.
240 10 - TÍTULO UNIFORME
Título uniforme Zoologia
Idioma da obra Esp
245 10 - TÍTULO
Título Zoologia
300 ## - DESCRIÇÃO FÍSICA
Extensão 671
362 0# - DATAS DE PUBLICAÇÃO E/OU DESIGNAÇÃO SEQUENCIAL
Datas de publicação e/ou designação sequencial 1968
650 #4 - ASSUNTO--TERMO TÓPICO
Cabeçalho tópico ou nome geográfico Animal
942 ## - ELEMENTOS DE ENTRADA ADICIONADOS (KOHA)
Tipo de material Koha Livros
Holdings
Situação do descarte Situação das perdas Situação física Não pode ser emprestado Biblioteca de origem Biblioteca atual Data de aquisição Total de empréstimos Número de chamada completo Código de barras Data de último acesso Data do preço efetivo Tipo de material Koha
        Colégio Anchieta - Pituba Colégio Anchieta - Pituba 21/11/2023   590 S587z SIL ZOO 13471/PIT 21/11/2023 21/11/2023 Livros